<?xml version="1.0" encoding="UTF-8"?>
<record
    xmlns:xsi="http://www.w3.org/2001/XMLSchema-instance"
    xsi:schemaLocation="http://www.loc.gov/MARC21/slim http://www.loc.gov/standards/marcxml/schema/MARC21slim.xsd"
    xmlns="http://www.loc.gov/MARC21/slim">

  <leader>00584    a2200181   4500</leader>
  <datafield tag="999" ind1=" " ind2=" ">
    <subfield code="c">129</subfield>
    <subfield code="d">129</subfield>
  </datafield>
  <controlfield tag="008">220928b           ||||| |||| 00| 0 eng d</controlfield>
  <datafield tag="020" ind1=" " ind2=" ">
    <subfield code="a">9789332556065</subfield>
  </datafield>
  <datafield tag="041" ind1="0" ind2=" ">
    <subfield code="a">eng</subfield>
  </datafield>
  <datafield tag="082" ind1="0" ind2="0">
    <subfield code="a">621.38154</subfield>
    <subfield code="b">H4748</subfield>
  </datafield>
  <datafield tag="100" ind1=" " ind2=" ">
    <subfield code="a">Helfrick, Albert D.</subfield>
    <subfield code="9">5240</subfield>
  </datafield>
  <datafield tag="245" ind1=" " ind2=" ">
    <subfield code="a">Modern electronic instrumentation and measurement techniques /</subfield>
  </datafield>
  <datafield tag="250" ind1=" " ind2=" ">
    <subfield code="a">1st ed.</subfield>
  </datafield>
  <datafield tag="260" ind1=" " ind2=" ">
    <subfield code="a">Noida:</subfield>
    <subfield code="b">Pearson India Education Services Pvt. Ltd.,</subfield>
    <subfield code="c">2016.</subfield>
  </datafield>
  <datafield tag="300" ind1=" " ind2=" ">
    <subfield code="a">x, 414 p.</subfield>
  </datafield>
  <datafield tag="650" ind1=" " ind2="0">
    <subfield code="a">Electric Measurements</subfield>
  </datafield>
  <datafield tag="700" ind1=" " ind2=" ">
    <subfield code="a">Cooper, William D.</subfield>
    <subfield code="9">2577</subfield>
  </datafield>
  <datafield tag="942" ind1=" " ind2=" ">
    <subfield code="2">ddc</subfield>
    <subfield code="c">BK</subfield>
  </datafield>
  <datafield tag="952" ind1=" " ind2=" ">
    <subfield code="0">0</subfield>
    <subfield code="1">0</subfield>
    <subfield code="2">ddc</subfield>
    <subfield code="4">0</subfield>
    <subfield code="6">621_381540000000000_H4748</subfield>
    <subfield code="7">0</subfield>
    <subfield code="9">598</subfield>
    <subfield code="a">CL</subfield>
    <subfield code="b">CL</subfield>
    <subfield code="d">2018-04-23</subfield>
    <subfield code="e">Apex Book Services</subfield>
    <subfield code="g">444.36</subfield>
    <subfield code="l">1</subfield>
    <subfield code="o">621.38154 H4748</subfield>
    <subfield code="p">12915</subfield>
    <subfield code="r">2024-05-16</subfield>
    <subfield code="s">2024-04-01</subfield>
    <subfield code="v">529.00</subfield>
    <subfield code="y">BK</subfield>
  </datafield>
  <datafield tag="952" ind1=" " ind2=" ">
    <subfield code="0">0</subfield>
    <subfield code="1">0</subfield>
    <subfield code="2">ddc</subfield>
    <subfield code="4">0</subfield>
    <subfield code="6">621_381540000000000_H4748</subfield>
    <subfield code="7">0</subfield>
    <subfield code="9">599</subfield>
    <subfield code="a">CL</subfield>
    <subfield code="b">CL</subfield>
    <subfield code="d">2018-04-23</subfield>
    <subfield code="e">Apex Book Services</subfield>
    <subfield code="g">444.36</subfield>
    <subfield code="o">621.38154 H4748</subfield>
    <subfield code="p">12916</subfield>
    <subfield code="r">2019-09-09</subfield>
    <subfield code="v">529.00</subfield>
    <subfield code="y">BK</subfield>
  </datafield>
  <datafield tag="952" ind1=" " ind2=" ">
    <subfield code="0">0</subfield>
    <subfield code="1">0</subfield>
    <subfield code="2">ddc</subfield>
    <subfield code="4">0</subfield>
    <subfield code="6">621_381540000000000_H4748</subfield>
    <subfield code="7">0</subfield>
    <subfield code="9">600</subfield>
    <subfield code="a">CL</subfield>
    <subfield code="b">CL</subfield>
    <subfield code="d">2018-04-23</subfield>
    <subfield code="e">Apex Book Services</subfield>
    <subfield code="g">444.36</subfield>
    <subfield code="o">621.38154 H4748</subfield>
    <subfield code="p">12917</subfield>
    <subfield code="r">2019-09-09</subfield>
    <subfield code="v">529.00</subfield>
    <subfield code="y">BK</subfield>
  </datafield>
  <datafield tag="952" ind1=" " ind2=" ">
    <subfield code="0">0</subfield>
    <subfield code="1">0</subfield>
    <subfield code="2">ddc</subfield>
    <subfield code="4">0</subfield>
    <subfield code="6">621_381540000000000_H4748</subfield>
    <subfield code="7">0</subfield>
    <subfield code="9">601</subfield>
    <subfield code="a">CL</subfield>
    <subfield code="b">CL</subfield>
    <subfield code="d">2018-04-23</subfield>
    <subfield code="e">Apex Book Services</subfield>
    <subfield code="g">444.36</subfield>
    <subfield code="o">621.38154 H4748</subfield>
    <subfield code="p">12918</subfield>
    <subfield code="r">2019-09-09</subfield>
    <subfield code="v">529.00</subfield>
    <subfield code="y">BK</subfield>
  </datafield>
</record>
